| 000 | 00540nam a2200193 a 4500 | ||
|---|---|---|---|
| 005 | 20140310183330.0 | ||
| 008 | 060818s19uu xx 00 eng d | ||
| 020 | _a1401834787 | ||
| 050 |
_aTX 911.3.M3 _b.Si57 2004 |
||
| 100 | _aSiguaw, Judy A. | ||
| 245 |
_aHospitality sales : _bselling smarter / |
||
| 260 |
_aAustralia : _bThomson Delmar Learning, _c2004. |
||
| 300 |
_a204 p. : _c24 cm. |
||
| 521 | _aTOU | ||
| 650 |
_aHospitality industry _xMarketing. |
||
| 700 | _aBojanic, David C. | ||
| 942 |
_cBK _2lcc _kFOR |
||
| 999 |
_c21544 _d21544 |
||